Get the Picture: Italian Noodle or City Quiz Stats

 Plays Quiz Updated Apr 30, 2019

Score 0/12 Timer 02:00
4 Plays Today
Question Answer Wrong Answers
Gnocchi Noodle
96.8%
City
1.7%
Farfalle Noodle
94.4%
City
4.2%
Livorno City
91.5%
Noodle
6.9%
Perugia City
90%
Noodle
8.3%
Bergamo City
89.3%
Noodle
9.3%
Pappardelle Noodle
87.6%
City
10.9%
Orzo Noodle
85.4%
City
13.1%
Cagliari City
80.3%
Noodle
18.3%
Bucatini Noodle
79.4%
City
19.3%
Bolzano City
76.6%
Noodle
21.7%
Rimini City
75.3%
Noodle
23.3%
Acini di Pepe Noodle
62.5%
City
36.3%

Today's Daily Dose

You're not logged in!

Compare scores with friends on all Sporcle quizzes.
OR
Log In

Sporcle TV

Today on Sporcle TV


Watch our educational content, quiz creation guides, and fun videos on Sporcle TV.

Show Comments

Extras

Top Quizzes Today


Score Distribution

Your Account Isn't Verified!

In order to create a playlist on Sporcle, you need to verify the email address you used during registration. Go to your Sporcle Settings to finish the process.

Report this User

Report this user for behavior that violates our Community Guidelines.

Details: